Cities with Dinsey Theme Parks - Statistics

General Stats
  • This quiz has been taken 56 times
  • The average score is 4 of 6
Answer Stats
Answer % Correct
Orlando
91%
Paris
89%
Tokyo
80%
Hong Kong
56%
Anaheim
53%
Shanghai
53%
No matching quizzes found
Score Distribution
Percent of People with Each Score
Percentile by Number Answered
Your Score History
You have not taken this quiz